000 00318nam a22001457a 4500
008 210527b ||||| |||| 00| 0 eng d
020 _a9781594201851
041 _aeng
080 _a94
082 _a94
100 _a16
101 _aSHH
245 _aWhen China Rules the World
_cMartin Jacques
942 _2udc
_cBK
999 _c57751
_d57751